Faaliyet raporu / (Record no. 200447869)
[ view plain ]
| 000 -LEADER | |
|---|---|
| fixed length control field | 01043nam a22002897a 4500 |
| 005 - DATE AND TIME OF LATEST TRANSACTION | |
| control field | 20220304171821.0 |
| 007 - PHYSICAL DESCRIPTION FIXED FIELD--GENERAL INFORMATION | |
| fixed length control field | zm |
| 008 - FIXED-LENGTH DATA ELEMENTS--GENERAL INFORMATION | |
| fixed length control field | 220302u20uu9999tu ||||| |||| 00| 0 tur d |
| 040 ## - CATALOGING SOURCE | |
| Original cataloging agency | TR-AnTOB |
| Language of cataloging | eng |
| Description conventions | rda |
| Transcribing agency | TR-AnTOB |
| 041 ## - LANGUAGE CODE | |
| Language code of text/sound track or separate title | Türkçe |
| 050 ## - LIBRARY OF CONGRESS CALL NUMBER | |
| Classification number | HF331.T9 |
| Item number | D46 2009 |
| 090 ## - LOCALLY ASSIGNED LC-TYPE CALL NUMBER (OCLC); LOCAL CALL NUMBER (RLIN) | |
| Classification number (OCLC) (R) ; Classification number, CALL (RLIN) (NR) | HF331.T9 |
| Local cutter number (OCLC) ; Book number/undivided call number, CALL (RLIN) | D46 2009 |
| 099 ## - LOCAL FREE-TEXT CALL NUMBER (OCLC) | |
| Classification number | SA 03.03.2022 |
| 110 2# - MAIN ENTRY--CORPORATE NAME | |
| 9 (RLIN) | 27481 |
| Corporate name or jurisdiction name as entry element | Denizli Sanayi Odası |
| 245 ## - TITLE STATEMENT | |
| Title | Faaliyet raporu / |
| Statement of responsibility, etc. | Denizli Sanayi Odası. |
| 264 ## - PRODUCTION, PUBLICATION, DISTRIBUTION, MANUFACTURE, AND COPYRIGHT NOTICE | |
| Place of production, publication, distribution, manufacture | Denizli : |
| Name of producer, publisher, distributor, manufacturer | Denizli Sanayi Odası, |
| Date of production, publication, distribution, manufacture, or copyright notice | [2009] |
| 300 ## - PHYSICAL DESCRIPTION | |
| Extent | volume <2005-2009> : |
| Other physical details | illustrations ; |
| Dimensions | 29 cm + |
| Accompanying material | 1 computer disc (4 3/4 in.) |
| 336 ## - CONTENT TYPE | |
| Content type term | still image |
| Content type code | sti |
| Source | rdacontent |
| Content type term | text |
| Content type code | txt |
| Source | rdacontent |
| 337 ## - MEDIA TYPE | |
| Media type term | unmediated |
| Media type code | n |
| Source | rdamedia |
| Media type term | computer |
| Media type code | c |
| Source | rdamedia |
| 338 ## - CARRIER TYPE | |
| Carrier type term | volume |
| Carrier type code | nc |
| Source | rdacarrier |
| Carrier type term | computer disc |
| Carrier type code | cd |
| Source | rdacarrier |
| 505 ## - FORMATTED CONTENTS NOTE | |
| Formatted contents note | 2005-2009 Dönemi Faaliyet Raporu.-- Girişimci ruhun zaferi: Denizli, 2009 [DVD].-- The triumph of entrepreneurship: Denizli 2009 [DVD] |
| 610 20 - SUBJECT ADDED ENTRY--CORPORATE NAME | |
| 9 (RLIN) | 27481 |
| Corporate name or jurisdiction name as entry element | Denizli Sanayi Odası |
| 942 ## - ADDED ENTRY ELEMENTS (KOHA) | |
| Source of classification or shelving scheme | Library of Congress Classification |
| Koha item type | Book |
| Withdrawn status | Lost status | Source of classification or shelving scheme | Materials specified (bound volume or other part) | Not for loan | Collection code | Home library | Current library | Shelving location | Date acquired | Source of acquisition | Inventory number | Total Checkouts | Full call number | Barcode | Date last seen | Copy number | Date shelved | Koha item type | Public note |
|---|---|---|---|---|---|---|---|---|---|---|---|---|---|---|---|---|---|---|---|
| Library of Congress Classification | 2005-2009 | Ödünç Verilebilir / Available | Genel Koleksiyon | Merkez Kütüphane | Merkez Kütüphane | Genel Koleksiyon / Main Collection | 04/03/2022 | Bağış / Donation | İKT | HF331.T9 D46 2009 | 0064772 | 04/03/2022 | 1 | 07/03/2022 | Book | Donated by İsmail Köksal | |||
| Library of Congress Classification | 2005-2009 | Ödünç Verilebilir / Available | Müzik CD'si, film ve belgesel | Merkez Kütüphane | Merkez Kütüphane | DVD/VCD Koleksiyonu / Audio Visual | 04/03/2022 | Bağış / Donation | HF331.T9 D46 2009 | CD02195 | 04/03/2022 | 1 | 07/03/2022 | Compact disc | Donated by İsmail Köksal | ||||
| Library of Congress Classification | 2005-2009 | Ödünç Verilebilir / Available | Müzik CD'si, film ve belgesel | Merkez Kütüphane | Merkez Kütüphane | DVD/VCD Koleksiyonu / Audio Visual | 04/03/2022 | Bağış / Donation | HF331.T9 D46 2009t | CD02196 | 04/03/2022 | 1 | 07/03/2022 | Compact disc | Donated by İsmail Köksal |
